AH International Schools' Libraries

Normal view MARC view
  • Parent and child

Entry Topical Term

Number of records used in: 1

001 - CONTROL NUMBER

  • control field: 2026

003 - CONTROL NUMBER IDENTIFIER

  • control field: OSt

005 - DATE AND TIME OF LATEST TRANSACTION

  • control field: 20101216134722.0

008 - FIXED-LENGTH DATA ELEMENTS

  • fixed length control field: 101216|||a|||||| | ||| d

040 ## - CATALOGING SOURCE

  • Original cataloging agency: OSt
  • Transcribing agency: OSt

150 ## - HEADING--TOPICAL TERM

  • Topical term or geographic name as entry element: Parent and child
  • General subdivision: Biblical teaching.

670 ## - SOURCE DATA FOUND

  • Source citation: Work cat.: (OSt)0: Fugate, J. Richard. 2022, What the Bible says about child training /, 1980

670 ## - SOURCE DATA FOUND

  • Source citation: Work cat.: (OSt)0: Fugate, J. Richard. 2022, What the Bible says about child training /, 1980

For any Logos Library related questions please contact Miss Art at swongnarasuk@asianhope.org.

For any Asian Hope Library related questions please contact Miss Raza at graza@asianhope.org.

Click here to explore our ebooks!

Powered by Koha